Habes candide lector Fratis Laziardi necnon huberti vellei conserta epitoma a primeua mundi origine ad tempora nostra quibus Franciscus Primus Francorum Rex christianissimus soliciter imperantl Quae referta doctorum Philosophorum ac sanctorum patru optime dictis factiles memorandis necnon pontificum cesarum Regu ac principum egreijs facinoribus be vulgarem doctrina referes (Record no. 8237)
[ view plain ]
| 000 -CABECERA | |
|---|---|
| campo de control de longitud fija | 01383nam a2200313 a 4500 |
| 001 - NÚMERO DE CONTROL | |
| campo de control | BRCA_8574 |
| 005 - FECHA Y HORA DE LA ÚLTIMA TRANSACCIÓN | |
| campo de control | 20190320210332.0 |
| 008 - DATOS DE LONGITUD FIJA--INFORMACIÓN GENERAL | |
| campo de control de longitud fija | 190816s1521----fr-#######---#000-0#lat-# |
| 041 ## - CÓDIGO DE LENGUA | |
| Código de lengua del texto/banda sonora o título independiente | lat |
| 044 ## - CÓDIGO DEL PAÍS DE LA ENTIDAD EDITORA/PRODUCTORA | |
| Código MARC del país | fr |
| 050 #4 - SIGNATURA TOPOGRÁFICA DE LA BIBLIOTECA DEL CONGRESO | |
| Número de clasificación | D5190 |
| Número de documento/Ítem | .L39 |
| -- | 1521 |
| 100 1# - ENTRADA PRINCIPAL--NOMBRE DE PERSONA | |
| Nombre de persona | Laziardi, Fratis |
| 9 (RLIN) | 21471 |
| 245 10 - MENCIÓN DE TÍTULO | |
| Título | Habes candide lector Fratis Laziardi necnon huberti vellei conserta epitoma a primeua mundi origine ad tempora nostra quibus Franciscus Primus Francorum Rex christianissimus soliciter imperantl Quae referta doctorum Philosophorum ac sanctorum patru optime dictis factiles memorandis necnon pontificum cesarum Regu ac principum egreijs facinoribus be vulgarem doctrina referes |
| Mención de responsabilidad, etc. | Fratis Laziardi. |
| 260 ## - PUBLICACIÓN, DISTRIBUCIÓN, ETC. | |
| Lugar de publicación, distribución, etc. | París |
| Nombre del editor, distribuidor, etc. | Iehan Kerver |
| Fecha de publicación, distribución, etc. | 1521 |
| 300 ## - DESCRIPCIÓN FÍSICA | |
| Extensión | cciii p. |
| Dimensiones | 30 cm |
| 500 ## - NOTA GENERAL | |
| Nota general | Fondo antiguo |
| 500 ## - NOTA GENERAL | |
| Nota general | Se encuentra en Caja Fuerte |
| 500 ## - NOTA GENERAL | |
| Nota general | W-149 |
| 500 ## - NOTA GENERAL | |
| Nota general | En la guarda se localiza un marca de agua: Almasso |
| 500 ## - NOTA GENERAL | |
| Nota general | Notan de encuadernación: pasta valenciana |
| 500 ## - NOTA GENERAL | |
| Nota general | Con ex-libris de: Franz Mayer y Olin Lane Merrian |
| 500 ## - NOTA GENERAL | |
| Nota general | Incluye tabla de contenido |
| 500 ## - NOTA GENERAL | |
| Nota general | Uso de letras capitulares |
| 500 ## - NOTA GENERAL | |
| Nota general | Estado físico: la portada se encuentra desprendida |
| 506 0# - NOTA DE RESTRICCIONES AL ACCESO | |
| Limitaciones de acceso | Fondo reservado: para su consulta es necesario credencial de usuario y carta de motivos |
| 650 14 - PUNTO DE ACCESO ADICIONAL DE MATERIA--TÉRMINO DE MATERIA | |
| Término de materia o nombre geográfico como elemento de entrada | Historia antigua |
| 9 (RLIN) | 21404 |
| 902 ## - CATALOGADOR | |
| Iniciales | LAR |
| 942 ## - ELEMENTOS DE PUNTO DE ACCESO ADICIONAL (KOHA) | |
| Fuente del sistema de clasificación o colocación | Library of Congress Classification |
| Tipo de ítem Koha | Libros |
| Estado de retiro | Estado de pérdida | Estado dañado | No para préstamo | Localización permanente | Ubicación/localización actual | Fecha de adquisición | Número de inventario | Total de préstamos | Signatura topográfica completa | Código de barras | Fecha visto por última vez | Precio válido a partir de | Tipo de ítem Koha |
|---|---|---|---|---|---|---|---|---|---|---|---|---|---|
| El ejemplar forma parte de la colección y puede ser consultado según las políticas vigentes. | Biblioteca del Museo Franz Mayer (Rogerio Casas-Alatriste) | Biblioteca del Museo Franz Mayer (Rogerio Casas-Alatriste) | 19/08/2016 | W-149 | D5190 .L39 1521 (W-149) | LAR00078 | 22/03/2019 | 22/03/2019 | Libros |